مكتبة جامعة عجلون الوطنية

فهرس بحث المكتبة

اقتصاديات الانتاج الزراعي / (Record no. 33189)

MARC details
000 -LEADER
fixed length control field 00827nam a22002057a 4500
003 - CONTROL NUMBER IDENTIFIER
control field JO-AjAnu
005 - DATE AND TIME OF LATEST TRANSACTION
control field 20231202092809.0
008 - FIXED-LENGTH DATA ELEMENTS--GENERAL INFORMATION
fixed length control field 231128b jo ||||| |||| 00| 0 ara d
020 ## - INTERNATIONAL STANDARD BOOK NUMBER
International Standard Book Number 9789923370759
040 ## - CATALOGING SOURCE
Original cataloging agency JO-AjAnu
Language of cataloging ARA
Transcribing agency JO-AjAnu
050 ## - LIBRARY OF CONGRESS CALL NUMBER
Classification number HD1491 .
-- Z633
Item number 2022
100 ## - MAIN ENTRY--PERSONAL NAME
Personal name الزوبعي، عبدالله علي مضحي
9 (RLIN) 64526
Relator term مؤلف
245 0# - TITLE STATEMENT
Title اقتصاديات الانتاج الزراعي /
Statement of responsibility, etc. عبدالله علي مضحي الزوبعي ؛ حسن ثامر زنزل السامرائي
250 ## - EDITION STATEMENT
Edition statement الطبعة الاولى
260 ## - PUBLICATION, DISTRIBUTION, ETC.
Place of publication, distribution, etc. عمان :
Name of publisher, distributor, etc. دار دجلة،
Date of publication, distribution, etc. 2021
300 ## - PHYSICAL DESCRIPTION
Extent 198صفحة
650 70 - SUBJECT ADDED ENTRY--TOPICAL TERM
Topical term or geographic name entry element الانتاج الزراعي - الاقتصاد الزراعي
9 (RLIN) 64529
700 ## - ADDED ENTRY--PERSONAL NAME
Personal name الزوبعي، عبدالله علي مضحي
9 (RLIN) 64526
Relator term مؤلف
942 ## - ADDED ENTRY ELEMENTS (KOHA)
Source of classification or shelving scheme Library of Congress Classification
Koha item type Books
Suppress in OPAC No
Holdings
Withdrawn status Lost status Source of classification or shelving scheme Damaged status Not for loan Home library Current library Date acquired Total Checkouts Full call number Barcode Date last seen Price effective from Koha item type
    Library of Congress Classification     مكتبة جامعة عجلون الوطنية مكتبة جامعة عجلون الوطنية 28/11/2023   HD1491.Z633.2022 A29639 28/11/2023 28/11/2023 Books
    Library of Congress Classification     مكتبة جامعة عجلون الوطنية مكتبة جامعة عجلون الوطنية 28/11/2023   HD1491.Z633.2022 A29638 28/11/2023 28/11/2023 Books